Country Name and Capital Alphabetically Consecutive - Statistics

General Stats
  • This quiz has been taken 15 times
  • The average score is 23 of 38
Answer Stats
Answer % Correct
Argentina
91%
Bogota
91%
Colombia
91%
Buenos Aires
82%
Mauritania
82%
Nouakchott
82%
Beijing
73%
China
73%
Managua
73%
Nicaragua
73%
Norway
73%
Oslo
73%
Dili
64%
East Timor
64%
Indonesia
64%
Israel
64%
Jakarta
64%
Jerusalem
64%
Liberia
64%
Monrovia
64%
Azerbaijan
55%
Baku
55%
Bangui
55%
Central African Republic
55%
Copenhagen
55%
Denmark
55%
Jamaica
55%
Kingston
55%
Tashkent
55%
Uzbekistan
55%
Lesotho
45%
Maseru
45%
Riyadh
45%
Saudi Arabia
45%
Lilongwe
36%
Malawi
36%
Myanmar
36%
Naypyidaw
36%
No matching quizzes found
Score Distribution
Percent of People with Each Score
Percentile by Number Answered
Your Score History
You have not taken this quiz